A manual of laboratory and diagnostic tests / (Record no. 20067)
[ view plain ]
| 000 -LEADER | |
|---|---|
| fixed length control field | 01047cam a22002895a 4500 |
| 001 - CONTROL NUMBER | |
| control field | 016628973 |
| 003 - CONTROL NUMBER IDENTIFIER | |
| control field | OSt |
| 005 - DATE AND TIME OF LATEST TRANSACTION | |
| control field | 20161120105325.0 |
| 008 - FIXED-LENGTH DATA ELEMENTS--GENERAL INFORMATION | |
| fixed length control field | 140130t2015 paua frbf 001 0 eng d |
| 020 ## - INTERNATIONAL STANDARD BOOK NUMBER | |
| International Standard Book Number | 9781451193770 (paperback) |
| 020 ## - INTERNATIONAL STANDARD BOOK NUMBER | |
| International Standard Book Number | 1451193777 (paperback) |
| 040 ## - CATALOGING SOURCE | |
| Original cataloging agency | StDuBDS |
| Language of cataloging | eng |
| Transcribing agency | StDuBDS |
| Modifying agency | UkOxU |
| -- | Uk |
| -- | EG-ScBUE |
| 082 04 - DEWEY DECIMAL CLASSIFICATION NUMBER | |
| Classification number | 616.075 |
| Edition number | 22 |
| Item number | FIS |
| 100 1# - MAIN ENTRY--PERSONAL NAME | |
| Personal name | Fischbach, Frances Talaska. |
| 9 (RLIN) | 38954 |
| 245 12 - TITLE STATEMENT | |
| Title | A manual of laboratory and diagnostic tests / |
| Statement of responsibility, etc | Frances Talaska Fischbach, Marshall Barnett Dunning III. |
| 250 ## - EDITION STATEMENT | |
| Edition statement | 9th ed., International ed. |
| 260 ## - PUBLICATION, DISTRIBUTION, ETC. (IMPRINT) | |
| Place of publication, distribution, etc | Philadelphia : |
| Name of publisher, distributor, etc | Wolters Kluwer Health, |
| Date of publication, distribution, etc | c.2015. |
| 300 ## - PHYSICAL DESCRIPTION | |
| Extent | xiii, 1261 p. : |
| Other physical details | ill. (col.) ; |
| Dimensions | 23 cm. |
| 500 ## - GENERAL NOTE | |
| General note | Publication date from bookseller's website. |
| 500 ## - GENERAL NOTE | |
| General note | Index : p. 1215-1261. |
| 504 ## - BIBLIOGRAPHY, ETC. NOTE | |
| Bibliography, etc | Includes bibliographical references. |
| 651 ## - SUBJECT ADDED ENTRY--GEOGRAPHIC NAME | |
| Source of heading or term | BUEsh |
| 653 ## - INDEX TERM--UNCONTROLLED | |
| Resource For college | Pharmacy |
| Arrived date list | June2015 |
| -- | February2016 |
| 650 #0 - SUBJECT ADDED ENTRY--TOPICAL TERM | |
| 9 (RLIN) | 12837 |
| Topical term or geographic name as entry element | Diagnosis, Laboratory |
| Form subdivision | Handbooks, manuals, etc. |
| Source of heading or term | BUEsh |
| 700 1# - ADDED ENTRY--PERSONAL NAME | |
| Personal name | Dunning, Marshall Barnett, |
| Titles and other words associated with a name | III, |
| 942 ## - ADDED ENTRY ELEMENTS (KOHA) | |
| Source of classification or shelving scheme | Dewey Decimal Classification |
| Withdrawn status | Lost status | Source of classification or shelving scheme | Damaged status | Not for loan | Koha collection | Home library | Current library | Shelving location | Date acquired | Source of acquisition | Cost, normal purchase price | Serial Enumeration / chronology | Total Checkouts | Full call number | Barcode | Date last seen | Cost, replacement price | Koha item type | Total Renewals | Date last borrowed |
|---|---|---|---|---|---|---|---|---|---|---|---|---|---|---|---|---|---|---|---|---|
| Dewey Decimal Classification | Central Library | Central Library | First floor | 29/06/2015 | Purchase | 380.00 | 1090 | 616.075 FIS | 000039225 | 15/07/2025 | 475.00 | Book - Borrowing | ||||||||
| Dewey Decimal Classification | Academic Bookshop | Central Library | Central Library | First floor | 22/02/2016 | Purchase | 390.00 | 4862 | 2 | 616.075 FIS | 000031646 | 15/07/2025 | 487.50 | Book - Borrowing | 152 | 04/03/2020 |